Finish the Broadway Lyrics - Statistics

General Stats
  • This quiz has been taken 388 times
  • The average score is 6 of 12
Answer Stats
Show Lyrics % Correct
Hamilton Who lives, who dies, who {tells} {your} {story}
85%
The Book of Mormon {Hello}, my name is Elder Price
78%
Lion King I'm gonna be a {mighty} {king}, so enemies beware
77%
Chicago He had it coming, he only had {himself} {to} {blame}
74%
Wicked Follow my lead, and yes, indeed, {you} {will} {be} {popular}
68%
Cats Memory, turn your face to the {moonlight}
63%
Waitress She is gone, but she {used} {to} {be} {mine}
59%
Dear Evan Hansen Lift your head and look around, you {will} {be} {found}
57%
Phantom of the Opera Masquerade! {paper} {faces} on parade
22%
My Fair Lady The rain in Spain stays {mainly} {on} {the} {plane}
20%
School of Rock If you wanna be the {teacher's} {pet}, baby you better forget
13%
Kinky Boots Wrap your feet in {prince} {and} {son}, our work is tried and true
3%
No matching quizzes found
Score Distribution
Percent of People with Each Score
Percentile by Number Answered
Your Score History
You have not taken this quiz